000 00418 a2200169 4500
001 73216
020 _a8516052729
040 _cAnchieta - Colégio São Paulo
100 _aCanto, Eduardo Leite do
240 1 0 _aQuímica na abordagem do cotidiano
_lpor
245 1 0 _aQuímica na abordagem do cotidiano
300 _a648
362 0 _a0
440 1 _aModerna
650 4 _aQuímica e ciências afins
942 _cBK
999 _c73216
_d73216